000 00488nam a2200145Ia 4500
008 100204s9999 xx 000 0 und d
082 _b676
100 _aलिमये अरुण
245 _aक्लोरोफॉर्म
260 _b"ग्रंथाली वाचक चळवळ , मुंबई - कुर्ला"
_c1978
300 _a199
630 _aक्लोरोफॉर्म
730 _aक्लोरोफॉर्म
942 _cBOOK
999 _c445871
_d445868